[Event "IV Weekend A"]
[Site "Castelfidardo ITA"]
[Date "2000.11.25"]
[Round "1"]
[White "Bonoli, Luciano"]
[Black "Padovani, Alessio"]
[Result "1-0"]
[WhiteElo "1699"]
[BlackElo "1497"]
[PlyCount "47"]
[EventDate "2000.11.25"]

1. c4 c5 2. Nc3 Nc6 3. Nf3 e6 4. e4 Be7 5. d4 cxd4 6. Nxd4 a6 7. Nxc6 dxc6 8.
Qxd8+ Bxd8 9. Bf4 Ne7 10. Bd6 O-O 11. Be2 Re8 12. O-O Ng6 13. Rad1 e5 14. Bf3
Be6 15. b3 Bb6 16. c5 Ba5 17. Na4 Rad8 18. g3 Rd7 19. Rd3 f6 20. Bh5 Bf7 21.
Rfd1 Red8 22. Bg4 Nf8 23. Bxd7 Rxd7 24. Bxf8 1-0

[Event "IV Weekend A"]
[Site "Castelfidardo ITA"]
[Date "2000.11.25"]
[Round "1"]
[White "Brunelli, Lorenzo"]
[Black "Baleani, Emanuele"]
[Result "0-1"]
[WhiteElo "1494"]
[BlackElo "1629"]
[PlyCount "118"]
[EventDate "2000.11.25"]

1. d4 d5 2. Nf3 Nf6 3. c4 e6 4. Nc3 Nbd7 5. e3 Be7 6. Qc2 O-O 7. Bd3 h6 8. Bd2
c5 9. e4 cxd4 10. Nxd4 Ne5 11. exd5 Nxd3+ 12. Qxd3 exd5 13. cxd5 Nxd5 14. Nf3
Nxc3 15. Qxd8 Rxd8 16. Bxc3 Be6 17. O-O Rac8 18. Rfe1 Bc5 19. Be5 Bb4 20. Re4
a5 21. a3 Bc5 22. Kf1 Bd5 23. Rg4 g6 24. Rc1 Bb3 25. Bc3 Bf8 26. Re1 a4 27. Rd4
Rxd4 28. Nxd4 Bc4+ 29. Kg1 b5 30. g4 Bg7 31. Rc1 Bd3 32. Rd1 Bc4 33. Rc1 Re8
34. Nf3 Bxc3 35. bxc3 Re2 36. Nd4 Ra2 37. Rb1 Rxa3 38. Nxb5 Rb3 39. Rxb3 axb3
40. Na3 b2 41. f4 Bd3 42. Kf2 b1=Q 43. Nxb1 Bxb1 44. c4 Kf8 45. Ke3 Ke7 46. Kd4
f5 47. h3 fxg4 48. hxg4 h5 49. gxh5 gxh5 50. Ke3 h4 51. Kf3 h3 52. Kg3 Bf5 53.
Kh2 Kd6 54. Kg3 Kc5 55. Kh2 Kxc4 56. Kg3 Kd4 57. Kh2 Ke4 58. Kg3 Ke3 59. Kh2
Kxf4 0-1

[Event "IV Weekend A"]
[Site "Castelfidardo ITA"]
[Date "2000.11.25"]
[Round "1"]
[White "Castura', Ilario"]
[Black "Rinaudo, Sergio"]
[Result "1/2-1/2"]
[WhiteElo "1500"]
[BlackElo "1783"]
[PlyCount "92"]
[EventDate "2000.11.25"]

1. e4 c5 2. Nf3 Nc6 3. d4 cxd4 4. Nxd4 Nf6 5. Nc3 g6 6. Be2 Bg7 7. Be3 O-O 8.
O-O d5 9. exd5 Nxd5 10. Nxd5 Qxd5 11. Bf3 Qc4 12. Nxc6 bxc6 13. b3 Qc3 14. Rb1
Bf5 15. Qd2 Qf6 16. Bg5 Qd6 17. Qxd6 exd6 18. Be7 Rfe8 19. Bxd6 Re6 20. Ba3 Bh6
21. Bc1 Bf8 22. Be3 Ba3 23. Rbd1 Bxc2 24. Rd4 a5 25. Rc4 Bd3 26. Rxc6 Rxc6 27.
Bxc6 Rc8 28. Rd1 Bc2 29. Bb7 Rb8 30. Rd2 Bxb3 31. axb3 Rxb7 32. Kf1 Rxb3 33. h4
Kg7 34. Ke2 a4 35. Bd4+ Kf8 36. Ra2 Ke8 37. Bf6 Kd7 38. Kd2 Ke6 39. Ba1 Kd5 40.
Bf6 Ke6 41. Ba1 Kf5 42. Ke2 Kg4 43. Bf6 h5 44. Rd2 Bb4 45. Rd5 Bc3 46. Bxc3
Rxc3 1/2-1/2

[Event "IV Weekend A"]
[Site "Castelfidardo ITA"]
[Date "2000.11.25"]
[Round "1"]
[White "Fioravanti, Diego"]
[Black "Muzzi, Claudio"]
[Result "1-0"]
[WhiteElo "1618"]
[BlackElo "1470"]
[PlyCount "63"]
[EventDate "2000.11.25"]

1. g3 Nf6 2. Bg2 g6 3. c4 Bg7 4. Nc3 c5 5. e3 d6 6. d4 O-O 7. Nge2 Nbd7 8. O-O
Rb8 9. Bd2 e5 10. Nb5 Nb6 11. Ba5 Qe7 12. Bxb6 axb6 13. Qc2 exd4 14. exd4 Bf5
15. Qd2 Ne4 16. Qe3 Rfe8 17. Rfe1 Qd7 18. Qf4 cxd4 19. Bxe4 Rxe4 20. Qxd6 d3
21. Qxb8+ Re8 22. Qd6 dxe2 23. Qxd7 Bxd7 24. Nc3 Bg4 25. Kg2 Rc8 26. Nxe2 Bxb2
27. Rab1 Ba3 28. h3 Be6 29. Rxb6 Rxc4 30. Nf4 Bf5 31. Nd5 Be4+ 32. Rxe4 1-0

[Event "IV Weekend A"]
[Site "Castelfidardo ITA"]
[Date "2000.11.25"]
[Round "1"]
[White "Marinucci, Johnny"]
[Black "Mircoli, Filippo"]
[Result "0-1"]
[WhiteElo "1365"]
[BlackElo "1537"]
[PlyCount "74"]
[EventDate "2000.11.25"]

1. d4 Nf6 2. Nf3 e6 3. Bf4 d5 4. e3 c5 5. c3 Be7 6. Nbd2 Nc6 7. Bd3 O-O 8. h3
Nh5 9. Bh2 f5 10. Ne5 Nf6 11. O-O Nd7 12. f4 Qb6 13. Qb1 Ndxe5 14. fxe5 Bg5 15.
Bf4 Bxf4 16. Rxf4 Bd7 17. Nf3 Rac8 18. g4 cxd4 19. exd4 h6 20. gxf5 g5 21. f6
Be8 22. Rg4 Bh5 23. Bg6 Bxg4 24. hxg4 Kh8 25. Kg2 Rg8 26. Bf7 Rgf8 27. Bxe6
Nxe5 28. Bxc8 Nxf3 29. Kxf3 Rxc8 30. Qf5 Rf8 31. Kg3 Qxb2 32. Rf1 Qxc3+ 33. Qf3
Qxd4 34. f7 Kg7 35. Rd1 Qe5+ 36. Kh3 Rxf7 37. Qg2 Qe3+ 0-1

[Event "IV Weekend A"]
[Site "Castelfidardo ITA"]
[Date "2000.11.25"]
[Round "1"]
[White "Negri, Jacopo"]
[Black "Cerusico, Carlo"]
[Result "1-0"]
[WhiteElo "1600"]
[BlackElo "1431"]
[PlyCount "53"]
[EventDate "2000.11.25"]

1. e4 g6 2. d4 Bg7 3. Nc3 d6 4. Be3 Nf6 5. h3 O-O 6. Qd2 Nc6 7. g4 a6 8. Bg2 e5
9. Nge2 Re8 10. d5 Na5 11. b3 b5 12. O-O c6 13. dxc6 Nxc6 14. Rad1 Re6 15. Nd5
Nd7 16. f4 exf4 17. Ndxf4 Rf6 18. g5 Rxf4 19. Bxf4 Be5 20. Bxe5 dxe5 21. Qd5
Qb6+ 22. Kh2 Nf6 23. Rxf6 Be6 24. Rxe6 fxe6 25. Qxe6+ Kh8 26. Qf6+ Kg8 27. Rd7
1-0

[Event "IV Weekend A"]
[Site "Castelfidardo ITA"]
[Date "2000.11.25"]
[Round "1"]
[White "Possanzini, Lorenzo"]
[Black "Fioravanti, Emidio"]
[Result "1/2-1/2"]
[WhiteElo "1516"]
[BlackElo "1825"]
[PlyCount "139"]
[EventDate "2000.11.25"]

1. c3 Nf6 2. Nf3 g6 3. e3 Bg7 4. d4 c6 5. Bd3 d5 6. O-O Bg4 7. Nbd2 Nbd7 8. h3
Bf5 9. Qc2 Bxd3 10. Qxd3 O-O 11. Re1 c5 12. Qc2 Rc8 13. Qd1 Ne4 14. Nxe4 dxe4
15. Nh2 Qc7 16. f4 f5 17. Nf1 Rfd8 18. Bd2 Kh8 19. Rc1 Nb6 20. Qb3 c4 21. Qd1
Nd5 22. g4 e6 23. g5 b5 24. a3 a5 25. h4 Bf8 26. Kg2 Bd6 27. Kg1 Bxf4 28. exf4
Nxf4 29. Bxf4 Qxf4 30. Qe2 Qxh4 31. Qg2 Rd5 32. Qg3 Qh5 33. Ne3 f4 34. Qxf4
Rxg5+ 35. Kf2 Kg8 36. Rh1 Rf8 37. Qxf8+ Kxf8 38. Rxh5 Rxh5 39. Kg3 Ke7 40. Rf1
h6 41. Rf4 Rh1 42. Rxe4 Rg1+ 43. Kh2 Rb1 44. d5 Rxb2+ 45. Kh1 Rd2 46. Rxe6+ Kf7
47. Ra6 Rd3 48. Ng4 Rxd5 49. Rxa5 h5 50. Nf2 Ke6 51. a4 bxa4 52. Rxa4 Rf5 53.
Kg2 Rf4 54. Kg3 g5 55. Ra6+ Kf5 56. Ra5+ Kf6 57. Ra6+ Ke7 58. Ra7+ Kd6 59. Ra6+
Kc7 60. Ra7+ Kb6 61. Rg7 h4+ 62. Kg2 Rf5 63. Ne4 Rf4 64. Nxg5 Rg4+ 65. Kh3 Rg3+
66. Kxh4 Rxc3 67. Ne4 Rd3 68. Rg3 Rd4 69. Re3 Kb5 70. Kg3 1/2-1/2

[Event "IV Weekend A"]
[Site "Castelfidardo ITA"]
[Date "2000.11.25"]
[Round "1"]
[White "Rotoni, Matteo"]
[Black "Marconi, Andrea"]
[Result "1-0"]
[WhiteElo "1831"]
[BlackElo "1525"]
[PlyCount "61"]
[EventDate "2000.11.25"]

1. e4 d6 2. d4 Nf6 3. Nc3 g6 4. Be3 c6 5. Qd2 Ng4 6. Bg5 h6 7. Bh4 Bg7 8. f3
Nf6 9. g4 g5 10. Bf2 Na6 11. h4 gxh4 12. Rxh4 b5 13. g5 hxg5 14. Rxh8+ Bxh8 15.
Qxg5 Kd7 16. d5 cxd5 17. Bxb5+ Kc7 18. Nxd5+ Nxd5 19. Qxd5 Bb7 20. Qc4+ Kb8 21.
O-O-O Qa5 22. Ne2 Nc7 23. a4 a6 24. Bc6 Bf6 25. Rg1 Ne6 26. Rg8+ Nd8 27. Qb3
Kc7 28. Bxb7 Ra7 29. Rxd8 Rxb7 30. Rd7+ Kxd7 31. Qxb7+ 1-0

[Event "IV Weekend A"]
[Site "Castelfidardo ITA"]
[Date "2000.11.25"]
[Round "1"]
[White "Yamauchi, Juan"]
[Black "Morici, Marco"]
[Result "0-1"]
[WhiteElo "1464"]
[BlackElo "1606"]
[PlyCount "50"]
[EventDate "2000.11.25"]

1. c4 b6 2. Nc3 Bb7 3. e4 e6 4. Nf3 c5 5. d4 cxd4 6. Nxd4 Nc6 7. Nc2 Nf6 8. Bd3
Ne5 9. O-O Be7 10. Bf4 Nxd3 11. Qxd3 d6 12. Rac1 O-O 13. Rfe1 a6 14. Rcd1 Qc8
15. b3 Rd8 16. Qf3 Rd7 17. Qe2 Qd8 18. f3 Rc8 19. Be3 b5 20. Bf2 d5 21. exd5
exd5 22. Nd4 dxc4 23. Nf5 Bb4 24. Rxd7 Qxd7 25. Rd1 Qxf5 0-1

[Event "IV Weekend A"]
[Site "Castelfidardo ITA"]
[Date "2000.11.26"]
[Round "2"]
[White "Baleani, Emanuele"]
[Black "Rotoni, Matteo"]
[Result "0-1"]
[WhiteElo "1629"]
[BlackElo "1831"]
[PlyCount "126"]
[EventDate "2000.11.25"]

1. e4 e6 2. d4 d5 3. Nc3 Bb4 4. e5 c5 5. a3 Bxc3+ 6. bxc3 Ne7 7. Nf3 Qc7 8. Bd3
b6 9. O-O Ba6 10. Re1 Bxd3 11. Qxd3 Nbc6 12. Bd2 Na5 13. Qb5+ Qd7 14. Qxd7+
Kxd7 15. dxc5 bxc5 16. Rab1 Rab8 17. Be3 Kc6 18. Nd2 Nf5 19. Bf4 h6 20. h3 g5
21. Bh2 h5 22. g4 hxg4 23. hxg4 Nh4 24. Bg3 Rxb1 25. Rxb1 Ng6 26. Kg2 Rd8 27.
a4 Nc4 28. Nf3 Rd7 29. Kf1 Rb7 30. Rxb7 Kxb7 31. Nxg5 Ngxe5 32. f4 Nxg4 33.
Nxf7 Kc8 34. Ke2 Kd7 35. Ng5 Nb2 36. a5 Nc4 37. a6 Nd6 38. Kf3 Nf6 39. Bf2 Nfe4
40. Nxe4 Nxe4 41. Bg1 Kc6 42. c4 Nd2+ 43. Ke3 Nxc4+ 44. Kd3 Nd6 45. c3 Ne8 46.
Kc2 Nc7 47. Kb3 Kb5 48. Ka3 Nxa6 49. Kb3 Nc7 50. Be3 Ne8 51. Bf2 Nd6 52. Be3 a5
53. Bg1 a4+ 54. Ka3 Ne4 55. Kb2 Kc4 56. Be3 Nxc3 57. Ka3 d4 58. Bc1 Kb5 59. Bb2
Nd1 60. Bc1 c4 61. Bd2 Nf2 62. Be1 Ne4 63. Ka2 d3 0-1

[Event "IV Weekend A"]
[Site "Castelfidardo ITA"]
[Date "2000.11.26"]
[Round "2"]
[White "Fioravanti, Emidio"]
[Black "Ragnini, Damiano"]
[Result "1-0"]
[WhiteElo "1825"]
[BlackElo "1356"]
[PlyCount "57"]
[EventDate "2000.11.25"]

1. e4 c5 2. Nf3 Nc6 3. d4 cxd4 4. Nxd4 Nf6 5. Nc3 e5 6. Ndb5 d6 7. Bg5 a6 8.
Na3 b5 9. Nd5 Be7 10. Bxf6 Bxf6 11. c3 Ne7 12. Nxf6+ gxf6 13. Qf3 f5 14. O-O-O
Qc7 15. Bxb5+ axb5 16. Nxb5 Qa5 17. Nxd6+ Kf8 18. a3 f4 19. Qh5 Ng6 20. Rd5 Qc7
21. Qh6+ Ke7 22. Rhd1 Be6 23. Nf5+ Bxf5 24. exf5 Rad8 25. fxg6 hxg6 26. Qg5+ f6
27. Qxg6 Ke6 28. Qg4+ Kf7 29. Rd7+ 1-0

[Event "IV Weekend A"]
[Site "Castelfidardo ITA"]
[Date "2000.11.26"]
[Round "2"]
[White "Marconi, Andrea"]
[Black "Castura', Ilario"]
[Result "0-1"]
[WhiteElo "1525"]
[BlackElo "1500"]
[PlyCount "78"]
[EventDate "2000.11.25"]

1. Nf3 Nf6 2. b3 g6 3. Bb2 Bg7 4. e3 b6 5. Be2 Bb7 6. O-O O-O 7. c4 d6 8. d4 e6
9. Nbd2 Nbd7 10. Qc2 a5 11. h3 Qe7 12. Nh2 e5 13. d5 c6 14. e4 cxd5 15. cxd5
Rfc8 16. Qd1 Rc7 17. Rc1 Rac8 18. Rxc7 Rxc7 19. Bb5 Bh6 20. f3 Be3+ 21. Kh1 Nh5
22. Ng4 Bxd2 23. Qxd2 Ng3+ 24. Kg1 Nxf1 25. Kxf1 h5 26. Nf2 Kh7 27. f4 f6 28.
Bc1 exf4 29. Qxf4 Ne5 30. Qh6+ Kg8 31. g4 hxg4 32. Nxg4 Nxg4 33. Qxg6+ Qg7 34.
Qe8+ Kh7 35. Qh5+ Nh6 36. Bxh6 Qxh6 37. Qf5+ Kh8 38. a4 Bc8 39. Qf2 Bxh3+ 0-1

[Event "IV Weekend A"]
[Site "Castelfidardo ITA"]
[Date "2000.11.26"]
[Round "2"]
[White "Mircoli, Filippo"]
[Black "Graziani, Claudio"]
[Result "1/2-1/2"]
[WhiteElo "1537"]
[BlackElo "1759"]
[PlyCount "115"]
[EventDate "2000.11.25"]

1. e4 d5 2. exd5 Qxd5 3. Nc3 Qa5 4. d4 Nf6 5. Nf3 Bf5 6. Bc4 e6 7. Bd2 c6 8.
Nd5 Qd8 9. Nxf6+ Qxf6 10. O-O Bg4 11. c3 Bd6 12. Be2 Nd7 13. Bg5 Qg6 14. Qd2 h6
15. Bf4 Bxf4 16. Qxf4 Bxf3 17. Bxf3 O-O 18. Qc7 Nf6 19. Qxb7 Rab8 20. Qxc6 Rxb2
21. Qa6 Qc2 22. c4 Rfb8 23. h3 R2b6 24. Qxa7 Qxc4 25. Rac1 Qd3 26. Rc8+ Rxc8
27. Qxb6 Qa3 28. Qb3 Qa5 29. a4 Rd8 30. Rd1 Qa7 31. Qb4 Rb8 32. Qc4 Qa5 33. Qc6
Kh7 34. Qc2+ g6 35. Qa2 Rb4 36. Bc6 Qb6 37. Bb5 Nd5 38. Qa3 Kg8 39. Qc1 Rxd4
40. Rxd4 Qxd4 41. Qxh6 Nf4 42. Qg5 Qd1+ 43. Kh2 Qd6 44. g3 Nd5 45. Qc1 Qb6 46.
Qd2 Qc5 47. h4 Nf6 48. f3 Nd5 49. Qa2 Nc3 50. Qc2 Qe3 51. Qg2 e5 52. Bc6 Ne2
53. a5 Nd4 54. Bb7 Qa3 55. a6 g5 56. hxg5 e4 57. Bxe4 Qxa6 58. Qb2 1/2-1/2

[Event "IV Weekend A"]
[Site "Castelfidardo ITA"]
[Date "2000.11.26"]
[Round "2"]
[White "Morici, Marco"]
[Black "Rinaudo, Andrea"]
[Result "0-1"]
[WhiteElo "1606"]
[BlackElo "1813"]
[PlyCount "108"]
[EventDate "2000.11.25"]

1. c4 e5 2. Nc3 Nc6 3. Nf3 g6 4. e3 Bg7 5. d4 d6 6. d5 Nce7 7. e4 f5 8. Be2 Nf6
9. Nd2 O-O 10. O-O Bh6 11. b3 a6 12. Bf3 Bd7 13. exf5 gxf5 14. Bb2 Qe8 15. g3
Qg6 16. Qc2 Bg5 17. Bg2 Nh5 18. Nf3 Bf6 19. Ne2 Rae8 20. h3 Ng7 21. Kh2 h5 22.
h4 Kf7 23. Bc1 Ng8 24. Bg5 Nh6 25. c5 Ng4+ 26. Kg1 e4 27. Nf4 Qh7 28. Bxf6 exf3
29. Bxf3 Kxf6 30. c6 bxc6 31. dxc6 Be6 32. Bd5 Ne5 33. Qc3 Kf7 34. Qa5 Bxd5 35.
Nxd5 Ne6 36. Qxa6 Ra8 37. Qe2 Nxc6 38. Nxc7 Ncd4 39. Qd3 Nxc7 40. Qxd4 Qg6 41.
Rac1 Rac8 42. a4 Qe6 43. Qb6 Nd5 44. Qb7+ Kg6 45. Rfe1 Rxc1 46. Rxc1 f4 47. Qb5
fxg3 48. Qd3+ Kh6 49. fxg3 Qe5 50. Rd1 Rf5 51. a5 Kg7 52. a6 Ne3 53. Rd2 Qxg3+
54. Rg2 Qxg2# 0-1

[Event "IV Weekend A"]
[Site "Castelfidardo ITA"]
[Date "2000.11.26"]
[Round "2"]
[White "Muzzi, Claudio"]
[Black "Brunelli, Lorenzo"]
[Result "1-0"]
[WhiteElo "1470"]
[BlackElo "1494"]
[PlyCount "77"]
[EventDate "2000.11.25"]

1. e4 e5 2. Nf3 Nc6 3. Bc4 Nf6 4. O-O Be7 5. d4 exd4 6. Nxd4 d6 7. Re1 Ne5 8.
Bb3 O-O 9. Nc3 Bd7 10. Bf4 c5 11. Bxe5 dxe5 12. Nf3 Qc7 13. Nd5 Nxd5 14. Bxd5
Rad8 15. Qd3 Kh8 16. Qb3 b5 17. c4 a6 18. Qc3 f6 19. cxb5 axb5 20. Rac1 Qb6 21.
Qe3 Be6 22. Red1 Bxd5 23. exd5 Rd7 24. b4 Qb7 25. bxc5 Rxd5 26. Rxd5 Qxd5 27.
Qb3 Qc6 28. Ne1 Bxc5 29. Nd3 Bxf2+ 30. Kxf2 Qb6+ 31. Kf1 e4 32. Nf4 Qb8 33. g3
g5 34. Ne6 Re8 35. Nd4 Qe5 36. Qf7 e3 37. Rc7 e2+ 38. Ke1 Qe4 39. Qg7# 1-0

[Event "IV Weekend A"]
[Site "Castelfidardo ITA"]
[Date "2000.11.26"]
[Round "2"]
[White "Negri, Jacopo"]
[Black "Bonoli, Luciano"]
[Result "1-0"]
[WhiteElo "1600"]
[BlackElo "1699"]
[PlyCount "47"]
[EventDate "2000.11.25"]

1. e4 g6 2. d4 Bg7 3. Nc3 d6 4. Be3 Nf6 5. h3 c6 6. g4 Qa5 7. Bg2 d5 8. e5 Ne4
9. Nge2 f6 10. exf6 exf6 11. O-O f5 12. gxf5 Nxc3 13. Nxc3 Bxf5 14. Qd2 O-O 15.
Bh6 Bxh6 16. Qxh6 Bxc2 17. Rfe1 Qd8 18. Re2 Bd3 19. Re3 Ba6 20. Rae1 Qf6 21.
Re7 Qxf2+ 22. Kh1 Rf7 23. Re8+ Rf8 24. R1e7 1-0

[Event "IV Weekend A"]
[Site "Castelfidardo ITA"]
[Date "2000.11.26"]
[Round "2"]
[White "Padovani, Alessio"]
[Black "Yamauchi, Juan"]
[Result "0-1"]
[WhiteElo "1497"]
[BlackElo "1464"]
[PlyCount "60"]
[EventDate "2000.11.25"]

1. c4 Nf6 2. g3 c5 3. Bg2 g6 4. Nc3 Bg7 5. a3 O-O 6. b4 Na6 7. b5 Nc7 8. Bb2 d5
9. d4 cxd4 10. Qxd4 Ne4 11. Qd3 Nc5 12. Qc2 Bf5 13. Qd1 dxc4 14. Na4 Qxd1+ 15.
Rxd1 Nxa4 16. Bxg7 Kxg7 17. Bxb7 Rab8 18. Bc6 Nxb5 19. Rd5 Nac3 20. Re5 Nd4 21.
Bf3 Rfd8 22. Kf1 Nxf3 23. exf3 Rb3 24. Rxe7 Rxa3 25. Kg2 Ra1 26. g4 Bd3 27. h4
Nd5 28. Rb7 a5 29. Ra7 c3 30. h5 c2 0-1

[Event "IV Weekend A"]
[Site "Castelfidardo ITA"]
[Date "2000.11.26"]
[Round "2"]
[White "Recchi, Antonio"]
[Black "Fioravanti, Diego"]
[Result "0-1"]
[WhiteElo "1702"]
[BlackElo "1618"]
[PlyCount "82"]
[EventDate "2000.11.25"]

1. c4 e6 2. Nc3 d5 3. d4 Nf6 4. e3 c6 5. Nf3 Bd6 6. c5 Bc7 7. Bd3 Nbd7 8. e4
dxe4 9. Nxe4 Nxe4 10. Bxe4 Nf6 11. Bc2 h6 12. O-O Qe7 13. Re1 Bd7 14. Ne5 O-O-O
15. a4 Rhg8 16. b4 Nd5 17. b5 Bxe5 18. dxe5 cxb5 19. Qf3 b4 20. Be4 Bc6 21. a5
a6 22. Bd2 Rgf8 23. Rab1 f5 24. exf6 Rxf6 25. Qe2 Qxc5 26. Rec1 Qxa5 27. Bxd5
Qxd5 28. Rxc6+ bxc6 29. Qxa6+ Kd7 30. Bxb4 Ke8 31. Re1 Kf7 32. Qa7+ Rd7 33. Qb8
c5 34. Bc3 Rg6 35. Qf4+ Kg8 36. g3 Qf5 37. Qb8+ Kh7 38. Re5 Rd1+ 39. Kg2 Qd3
40. Rxc5 Qf1+ 41. Kf3 Rd3+ 0-1

[Event "IV Weekend A"]
[Site "Castelfidardo ITA"]
[Date "2000.11.26"]
[Round "2"]
[White "Rinaudo, Sergio"]
[Black "Possanzini, Lorenzo"]
[Result "1-0"]
[WhiteElo "1783"]
[BlackElo "1516"]
[PlyCount "99"]
[EventDate "2000.11.25"]

1. d4 e5 2. dxe5 Nc6 3. Nf3 f6 4. exf6 Nxf6 5. e3 d5 6. Bd3 Bg4 7. h3 Bh5 8.
Be2 Bd6 9. Nbd2 Qd7 10. c4 dxc4 11. Nxc4 O-O-O 12. Nxd6+ Qxd6 13. Qxd6 Rxd6 14.
Bd2 Ne4 15. Bc3 Nxc3 16. bxc3 Rhd8 17. Nd4 Bxe2 18. Kxe2 Ne7 19. Rhd1 a6 20. e4
c5 21. Nb3 Rxd1 22. Rxd1 Rxd1 23. Kxd1 b6 24. f4 Kd7 25. Ke2 c4 26. Nd4 g6 27.
g4 b5 28. f5 gxf5 29. gxf5 Kd6 30. Ke3 Ke5 31. Nf3+ Kf6 32. Kf4 b4 33. cxb4 c3
34. Nd4 Nc6 35. Nc2 Ne5 36. a4 Nd3+ 37. Ke3 Nb2 38. b5 axb5 39. axb5 Ke5 40.
Na3 Nd1+ 41. Kf3 Nb2 42. b6 Kd6 43. Nb5+ Kc6 44. Nxc3 Kxb6 45. f6 Nc4 46. Kf4
Nd6 47. e5 Ne8 48. f7 Ng7 49. Ke4 Kc6 50. f8=Q 1-0

[Event "IV Weekend A"]
[Site "Castelfidardo ITA"]
[Date "2000.11.26"]
[Round "3"]
[White "Bonoli, Luciano"]
[Black "Muzzi, Claudio"]
[Result "1-0"]
[WhiteElo "1699"]
[BlackElo "1470"]
[PlyCount "47"]
[EventDate "2000.11.25"]

1. c4 Nf6 2. Nc3 g6 3. g3 d5 4. cxd5 Nxd5 5. Bg2 Nxc3 6. bxc3 Bg7 7. Rb1 c6 8.
Qc2 Nd7 9. Nf3 O-O 10. d3 Nb6 11. O-O Qc7 12. c4 Re8 13. Bb2 e5 14. Nd2 Bf5 15.
Ne4 Rad8 16. c5 Bxe4 17. cxb6 axb6 18. Bxe4 f5 19. Bg2 Kh8 20. Ba1 Ra8 21. Rfc1
Ra5 22. Qb3 Rea8 23. Rc2 Rb5 24. Qxb5 1-0

[Event "IV Weekend A"]
[Site "Castelfidardo ITA"]
[Date "2000.11.26"]
[Round "3"]
[White "Castura', Ilario"]
[Black "Recchi, Antonio"]
[Result "1-0"]
[WhiteElo "1500"]
[BlackElo "1702"]
[PlyCount "79"]
[EventDate "2000.11.25"]

1. e4 c5 2. Nf3 d6 3. d4 cxd4 4. Nxd4 Nf6 5. Nc3 a6 6. Bg5 e6 7. f4 Be7 8. e5
dxe5 9. fxe5 Nd5 10. Bxe7 Nxe7 11. Bc4 Qc7 12. Qe2 Nd7 13. Bxe6 O-O 14. Bxd7
Bxd7 15. O-O-O Nc6 16. e6 Qf4+ 17. Qd2 fxe6 18. Qxf4 Rxf4 19. Nf3 Be8 20. Rhe1
Bh5 21. Rxe6 Bxf3 22. gxf3 Rxf3 23. Ne4 h6 24. Nc5 Nd8 25. Re8+ Rf8 26. Rxf8+
Kxf8 27. Rxd8+ Rxd8 28. Ne6+ Ke7 29. Nxd8 Kxd8 30. c4 Ke7 31. Kd2 g5 32. Ke3
Kf6 33. Ke4 g4 34. Kf4 h5 35. b4 Kg6 36. c5 Kf6 37. a4 Kg6 38. b5 Kf6 39. c6
bxc6 40. b6 1-0

[Event "IV Weekend A"]
[Site "Castelfidardo ITA"]
[Date "2000.11.26"]
[Round "3"]
[White "Graziani, Claudio"]
[Black "Fioravanti, Emidio"]
[Result "1-0"]
[WhiteElo "1759"]
[BlackElo "1825"]
[PlyCount "93"]
[EventDate "2000.11.25"]

1. e4 c5 2. Nf3 d6 3. d4 cxd4 4. Nxd4 Nf6 5. Nc3 a6 6. Bg5 Nbd7 7. Bc4 e6 8. f4
Be7 9. Qf3 Qc7 10. Bxe6 Nc5 11. Bxc8 Rxc8 12. Nf5 O-O 13. O-O Rfe8 14. Rae1
Ncd7 15. Kh1 Bf8 16. Qh3 Qc4 17. Bxf6 Nxf6 18. a3 Nxe4 19. Ne3 Qc5 20. Ncd5 Rc6
21. Qd7 Re6 22. Qxb7 Nf6 23. c4 Nxd5 24. cxd5 Rb6 25. b4 Qd4 26. Nc2 Rxe1 27.
Rxe1 Qf2 28. Qc8 g6 29. Qc4 Rb8 30. Qe2 Qxf4 31. Qxa6 Qf2 32. Qe2 Qf5 33. Ne3
Qe5 34. Ng4 Qd4 35. Qe4 Qc3 36. h3 h5 37. Re3 Qa1+ 38. Re1 Qxa3 39. Nf6+ Kh8
40. Nd7 Rd8 41. Nxf8 Rxf8 42. Qe7 Qa8 43. Qxd6 Rd8 44. Qf6+ Kg8 45. d6 Rd7 46.
Re7 Qc6 47. Re8+ 1-0

[Event "IV Weekend A"]
[Site "Castelfidardo ITA"]
[Date "2000.11.26"]
[Round "3"]
[White "Possanzini, Lorenzo"]
[Black "Marinucci, Johnny"]
[Result "1-0"]
[WhiteElo "1516"]
[BlackElo "1365"]
[PlyCount "99"]
[EventDate "2000.11.25"]

1. c3 Nf6 2. Nf3 g6 3. d3 Nc6 4. e4 e5 5. Bg5 Bg7 6. Qd2 h6 7. Be3 d6 8. c4 Ng4
9. Nc3 Nxe3 10. fxe3 Bg4 11. O-O-O O-O 12. h3 Bxf3 13. gxf3 a6 14. Qg2 b5 15.
h4 bxc4 16. dxc4 Qb8 17. Nd5 Re8 18. Qd2 a5 19. Bh3 Nb4 20. Nxb4 axb4 21. b3
Qb6 22. h5 g5 23. Bf5 Ra5 24. Bd7 Rea8 25. Ba4 Qc5 26. Rhe1 R8a6 27. Qc2 Ra8
28. Rd5 Qb6 29. Rxa5 Rxa5 30. Kd2 Rc5 31. Ke2 Qb8 32. Bd7 Qd8 33. Bf5 Ra5 34.
Rd1 Qa8 35. Rd2 Bf8 36. Bd7 c6 37. Kf2 d5 38. cxd5 Rc5 39. Qd1 cxd5 40. exd5
Qa7 41. Bf5 Rc3 42. Re2 Bc5 43. Qd2 Qc7 44. Kg2 Qb6 45. Bd3 f5 46. e4 f4 47.
Bc4 Be3 48. d6+ Kf8 49. Qd5 Qa7 50. d7 1-0

[Event "IV Weekend A"]
[Site "Castelfidardo ITA"]
[Date "2000.11.26"]
[Round "3"]
[White "Ragnini, Damiano"]
[Black "Morici, Marco"]
[Result "0-1"]
[WhiteElo "1356"]
[BlackElo "1606"]
[PlyCount "64"]
[EventDate "2000.11.25"]

1. e4 e6 2. d4 d5 3. e5 c5 4. c3 Nc6 5. Nf3 Qb6 6. Bd3 cxd4 7. Nxd4 Nxe5 8. O-O
Nxd3 9. Qxd3 Bd7 10. Re1 Ne7 11. Nd2 Ng6 12. N2f3 Bd6 13. b4 O-O 14. Ng5 h6 15.
Ngf3 e5 16. c4 dxc4 17. Qxc4 exd4 18. a4 Qxb4 19. Qd3 Qc3 20. Qb1 Bc6 21. Bd2
Qc4 22. Rc1 Qd5 23. Rd1 Ne5 24. Nh4 g5 25. Nf3 Nxf3+ 26. gxf3 Qxf3 27. Kf1 Qg2+
28. Ke1 Rfe8+ 29. Be3 dxe3 30. Ra2 exf2+ 31. Kd2 f1=Q+ 32. Kc1 Bf4+ 0-1

[Event "IV Weekend A"]
[Site "Castelfidardo ITA"]
[Date "2000.11.26"]
[Round "3"]
[White "Rinaudo, Andrea"]
[Black "Fioravanti, Diego"]
[Result "1-0"]
[WhiteElo "1813"]
[BlackElo "1618"]
[PlyCount "85"]
[EventDate "2000.11.25"]

1. e4 c5 2. Nf3 Nc6 3. d4 cxd4 4. Nxd4 g6 5. Nc3 Bg7 6. Be3 d6 7. Bc4 a6 8. O-O
e6 9. a4 Nge7 10. Qd2 O-O 11. Rfd1 Ne5 12. Bb3 d5 13. exd5 exd5 14. Nde2 Be6
15. Nxd5 Nxd5 16. Bxd5 Bxd5 17. Qxd5 Qxd5 18. Rxd5 Nc4 19. Bd4 Rfe8 20. Kf1
Nxb2 21. Bxb2 Bxb2 22. Rb1 Re5 23. Rxe5 Bxe5 24. f4 Bg7 25. Rxb7 a5 26. Rb5 Bf8
27. Ke1 Kg7 28. c3 Bd6 29. g3 Bc7 30. Kd2 Rd8+ 31. Nd4 h5 32. Kc2 Re8 33. Kd2
h4 34. c4 hxg3 35. hxg3 Rd8 36. Rd5 Rd6 37. Rxd6 Bxd6 38. Kd3 f5 39. c5 Bb8 40.
Kc4 Kf7 41. Kb5 Bc7 42. Kc6 Bb8 43. Kb7 1-0

[Event "IV Weekend A"]
[Site "Castelfidardo ITA"]
[Date "2000.11.26"]
[Round "3"]
[White "Rotoni, Matteo"]
[Black "Negri, Jacopo"]
[Result "1-0"]
[WhiteElo "1831"]
[BlackElo "1600"]
[PlyCount "73"]
[EventDate "2000.11.25"]

1. e4 e6 2. d4 d5 3. e5 c5 4. c3 Nc6 5. Be3 Qb6 6. Qd2 Bd7 7. dxc5 Bxc5 8. Bxc5
Qxc5 9. Nf3 Nge7 10. Bd3 Ng6 11. Qg5 d4 12. Bxg6 fxg6 13. cxd4 Nxd4 14. Nxd4
Qxd4 15. Nc3 O-O 16. O-O Rf5 17. Qe7 Re8 18. Qd6 Qxd6 19. exd6 Ref8 20. Ne4 Bc6
21. f3 Rd8 22. Rfd1 Ra5 23. a3 Bd5 24. Rac1 Rb5 25. b4 Rb6 26. Rc7 h6 27. Kf2
a5 28. d7 Kf7 29. bxa5 Ra6 30. Nc5 Rxa5 31. Rxd5 exd5 32. Nxb7 Raa8 33. Nxd8+
Rxd8 34. Ke3 Ke7 35. Kd4 Kd6 36. Ra7 g5 37. Ra5 1-0

[Event "IV Weekend A"]
[Site "Castelfidardo ITA"]
[Date "2000.11.26"]
[Round "3"]
[White "Yamauchi, Juan"]
[Black "Baleani, Emanuele"]
[Result "0-1"]
[WhiteElo "1464"]
[BlackElo "1629"]
[PlyCount "78"]
[EventDate "2000.11.25"]

1. c4 g6 2. Nf3 Bg7 3. e4 d6 4. Be2 c5 5. d4 cxd4 6. Nxd4 Qb6 7. Nb3 Nf6 8. O-O
Nxe4 9. Be3 Qc7 10. Nd4 a6 11. Nc3 Nxc3 12. bxc3 Nc6 13. Rc1 O-O 14. Qd2 Ne5
15. Bh6 Nxc4 16. Bxc4 Qxc4 17. Bxg7 Kxg7 18. Rfe1 Re8 19. Qf4 Qxa2 20. Qh4 Qa3
21. Nf3 Bd7 22. Rc2 Qa4 23. Rce2 Qxh4 24. Nxh4 e6 25. f4 Rac8 26. Re3 Rc4 27.
g3 Rec8 28. Rc1 b5 29. Nf3 b4 30. Nd2 Rxc3 31. Rexc3 Rxc3 32. Rxc3 bxc3 33. Nb3
c2 34. Nc1 d5 35. Kf2 Kf6 36. Ke2 Kf5 37. Kd2 Ba4 38. Na2 Kg4 39. Nb4 Kh3 0-1